Teen TV : genre, consumption, identity /

Bibliographic Details
Corporate Author: British Film Institute
Other Authors: Davis, Glyn (Reader in Screen Studies), Dickinson, Kay, 1972-
Format: Book
Language:English
Published: London : BFI Publishing, 2004.
Subjects:

MARC

Tag First Indicator Second Indicator Subfields
LEADER 00000cam a2200000 a 4500
001 in00001954892
005 20151029062922.0
008 031016s2004 enk b 001 0 eng
020 |a 0851709982 
020 |a 0851709990 (pbk.) :  |c £14.99 
035 |a (OCoLC)ocm53392692 
040 |a UKM  |c UKM  |d C#P  |d DAY  |d VVC  |d TXA  |d UtOrBLW 
049 |a TXAM 
082 0 0 |a 791.450835  |2 21 
090 |a HQ799.2.T4  |b T44 2004 
245 0 0 |a Teen TV :  |b genre, consumption, identity /  |c edited by Glyn Davis and Kay Dickinson. 
264 1 |a London :  |b BFI Publishing,  |c 2004. 
300 |a viii, 197 pages ;  |c 24 cm. 
336 |a text  |b txt  |2 rdacontent 
337 |a unmediated  |b n  |2 rdamedia 
338 |a volume  |b nc  |2 rdacarrier 
504 |a Includes bibliographical references and index. 
505 0 |a Introduction / Glyn Davis and Kay Dickinson -- A boy for all planets : Roswell, Smallville and the teen male melodrama / Miranda J. Banks -- Teen futures : discourses of alienation, the social and technology in Australian science-fiction television series / Leonie Rutherford -- Chosen ones : reading the contemporary teen heroine / Jenny Bavidge -- Dawson's Creek : 'quality teen TV' and 'mainstream cult?' / Matt Hills -- 'So who's got time for adults!' : femininity, consumption and the development of teen TV- from Gidget to Buffy / Bill Osgerby -- Selling teen culture : how American multimedia conglomeration reshaped teen television in the 1990s / Valerie Wee -- 'My generation' : popular music, age and influence in teen drama of the 1990s / Kay Dickinson -- Total request live and the creation of virtual community / Richard K. Olsen -- Saying it out loud : revealing television's queer teens / Glyn Davis -- Dormant dormitory friendships : race and gender in Felicity / Sharon Ross -- 'We don't need no education' : adolescents and the school in contemporary Australian teen TV / Kate Douglas and Kelly McWilliam -- Roswell High, alien chic and the in/human / Neil Badmington -- 'Feels like home' : Dawson's Creek : nostalgia and the young adult viewer / Clare Birchall. 
650 0 |a Television and teenagers. 
650 0 |a Teen television programs. 
700 1 |a Davis, Glyn  |c (Reader in Screen Studies) 
700 1 |a Dickinson, Kay,  |d 1972- 
710 2 |a British Film Institute. 
948 |a cataloged  |b h  |c 2004/8/30  |d c  |e dmitchel  |f 1:10:20 pm 
994 |a E0  |b TXA 
999 |a MARS 
999 f f |s cf08fc75-47dd-3101-b95b-7a8ded993293  |i c0366060-0630-3435-b3c9-6ae064248689  |t 0 
952 f f |p normal  |a Texas A&M University  |b College Station  |c Sterling C. Evans Library  |d Evans: Library Stacks  |t 0  |e HQ799.2.T4 T44 2004  |h Library of Congress classification  |i unmediated -- volume  |m A14832235492 
998 f f |a HQ799.2.T4 T44 2004  |t 0  |l Evans: Library Stacks